Estudio para la migración telefonía IP basado en Asterisk@home para su aplicación en empresas PYME

Presenta una propuesta para realizar la migración de telefonía convencional a telefonía IP. Todo esto a través de la realización de un estudio técnico que permita determinar los requerimientos de hardware y software a utilizar basado en una potente herramienta como el Asterix en su versión li...

Full description

Bibliographic Details
Main Author: Martínez T., Yunoha Enid
Other Authors: Tutor: Dalla-Torre Parrales, Cedrick Elksnher
Format: Tesis Section = Libro
Language:Undetermined
Spanish
Published: Managua UNI 2010
Subjects:
LEADER 01083nam a2200229Ia 4500
008 240830s9999 xx 000 0 und d
040 |a BIBLIOTECA-RUSB/ T.Mon 004.65 M385 
041 |a spa 
082 |a T.Mon 004.65 M385 
100 1 |a Martínez T., Yunoha Enid 
245 1 0 |a Estudio para la migración telefonía IP basado en Asterisk@home para su aplicación en empresas PYME 
260 |a Managua  |b UNI  |c 2010 
300 |a 85 p. :il. 
502 |a Tesis (Ingeniero Electrónico) - UNI, 2010. 
520 3 |a Presenta una propuesta para realizar la migración de telefonía convencional a telefonía IP. Todo esto a través de la realización de un estudio técnico que permita determinar los requerimientos de hardware y software a utilizar basado en una potente herramienta como el Asterix en su versión libre. 
650 7 |a ARQUITECTURA DE REDES DE COMUNICACIONES POR COMPUTADOR 
650 7 |b  TELECOMUNICACIONES - TELEFONÍA 
650 7 |c  TELEFONÍA IP 
700 1 |a Tutor:  |b Dalla-Torre Parrales, Cedrick Elksnher 
942 |c BK  |2 ddc 
991 |a TESIS 
999 |c 21581